Ramayana in Cambodia/ (Record no. 210192)

MARC details
000 -LEADER
fixed length control field 01512nam a22002057a 4500
005 - DATE AND TIME OF LATEST TRANSACTION
control field 20250310114051.0
010 ## - LCCN (DPL NO)
LC control number ENG-144067
020 ## - INTERNATIONAL STANDARD BOOK NUMBER
Terms of availability 3000.00
International Standard Book Number 9788194538721
035 ## - SYSTEM CONTROL NUMBER
System control number EN-127599
037 ## - SOURCE OF ACQUISITION
Source of stock number/acquisition DBAD
082 ## - DEWEY DECIMAL CLASSIFICATION NUMBER
Classification number 230.1
100 ## - MAIN ENTRY--PERSONAL NAME
Personal name Chandra, Lokesh
245 ## - TITLE STATEMENT
Title Ramayana in Cambodia/
Statement of responsibility, etc by Lokesh Chandra
250 ## - EDITION STATEMENT
Edition statement 1
260 ## - PUBLICATION, DISTRIBUTION, ETC. (IMPRINT)
Place of publication, distribution, etc New Delhi
Name of publisher, distributor, etc Aditya Prakashan
Date of publication, distribution, etc 2020
270 ## - ADDRESS
City New Delhi
Postal code 110002
Address 2/18, Ansari Road
Electronic mail address contact@adityaprakashan.com
300 ## - PHYSICAL DESCRIPTION
Extent 336p.
Dimensions 29cm.(Hb)
Other physical details ill.
500 ## - GENERAL NOTE
General note The book commences with a short wrap-up of the history of Cambodia with the arrival of Sage Kaundinya and comes down to the coronation ceremonies of Cambodian monarchs to whom the brahmin Grand Master hands the statues of Lords Siva and Visnu as the keeper of Divine Values (dharmaraja), and the Sacred Sword with the mantra Take, for Thou art the Lightning of Indra. The Grand Master is called Rama-rajya-adhipati. Prof. RaghuVira wanted to publish all the 442 Sanskrit inscriptions of Cambodia in Devanagari and their facsimiles. Prof. Coeaes sent their list which has been reproduced here. It shows how Sanskrit was the language of the state till the 12th century. After long-drawn negotiations the Government of Cambodia sent monk Ven. Candravarna in 1961. He obtained the Ramakirti from his uncle (parts 1-6, 8-10, 75). He used to transcribe the Cambodian text into Devanagari and give a resume which wrote down in English
942 ## - ADDED ENTRY ELEMENTS (KOHA)
Source of classification or shelving scheme Dewey Decimal Classification
Item type English Books
Call number suffix CHA
Classification part 230.1
Edition 1
Holdings
Withdrawn status Lost status Not for loan Collection code Home library Current library Date acquired Source of acquisition Cost, normal purchase price Full call number Barcode Copy number Cost, replacement price Koha item type
    Not For Loan Reference Central Library Central Library 10/03/2025 Delivery of Books Act Division 3000.00 CHA 230.1 EN-127599 1 3000.00 English Books

© Delhi Public Library
Hit Counter
free hit counter